000 00660nam a2200277Ia 4500
005 20260324115138.0
008 008 260324s9999 xx 000 0 eng d
020 _a9781315146591
037 _aEBOOK
040 _aCRL
040 _beng
040 _cCRL
041 _2eng
041 _aeng
084 _qCRL
100 _aNirdosh Bhatnagar
_9998923
245 0 _aMathematical Principles of the Internet, Two Volume Set
260 _bTaylor and Francis
260 _c2019
365 _a
365 _b760
856 _uhttp://www.taylorfrancis.com/books/9781315146591
942 _cEBOOK
999 _c1744197
_d1744197